000 00540nam a2200157Ia 4500
003 IQ-KOUCL
041 _aArabic
082 _a210,72 cut-989 ت
100 _a20260118u\\\\\\\\\\\y0engy0103\\\\ba
100 _aلمحمد بن عبدالوهاب
245 0 _aمن رسائل الدعوة السلفية الحسبة الامر بالمعروف والنهي عن المنكر الجزء الاول
250 _aط1
260 _bجمعية احياء التراث الاسلامي
_aالكويت
_c2022
300 _a86
942 _cBk
999 _c186372
_d186372